Top 10 Most Polluted Countries - Statistics

General Stats
  • This quiz has been taken 37 times
  • The average score is 5 of 10
Answer Stats
Answer % Correct
China
97%
Pakistan
72%
Iran
63%
Egypt
56%
Saudi Arabia
50%
Nigeria
47%
United Arab Emirates
41%
Mongolia
28%
Botswana
0%
Senegal
0%
No matching quizzes found
Score Distribution
Percent of People with Each Score
Percentile by Number Answered
Your Score History
You have not taken this quiz